000 00524nam a2200193Ia 4500
005 20250326141501.0
008 250326s9999 xx 000 0 und d
020 _a0-07-460068-0
037 _aTextbook
040 _aFMSL
_beng
_cFMSL
041 _aeng
_2eng
084 _aX:86 M8
_qFMSL
100 _aChoudhury S
_9209347
245 0 _aProject management
_cChoudhury S
260 _aNew Delhi
_bNew Delhi, Tata McGraw Hill
_c1989
300 _axii,244
942 _cTB
_hX:86 M8
999 _c1290518
_d1290518